Теплообменные аппараты и системы охлаждения газотурбинных и комбинированных установок: учебник для вузов

Dettagli Bibliografici
Altri autori: Иванов В. Л. Вадим Леонидович (редактор), Леонтьев А. И. Александр Иванович, Манушин Э. А. Эдуард Анатольевич, Осипов М. И. Михаил Иванович
Riassunto:Авт. указаны на обороте тит. л.
Посвящ. столетию со дня рождения В. В. Уварова - основателя каф. газовых турбин МГТУ им. Н. Э. Баумана и 50-летию со дня основания каф.
Изложены основы расчета и проектирования теплообменных аппаратов и систем охлаждения газовых турбин как элементов газотурбинного комплекса, все агрегаты которого влияют друг на друга, и их параметры взаимосвязаны. Содержание учебника соответствует курсу лекций, читаемому авторами в МГТУ им. Н. Э. Баумана. Для студентов высших учебных заведений энергомашиностроительных специальностей. Может быть полезен аспирантам, инженерам и научным работникам.
Lingua:russo
Pubblicazione: Москва, Изд-во МГТУ, 2004
Edizione:2-е изд., стер.
Soggetti:
Natura: MixedMaterials Libro
KOHA link:https://koha.lib.tpu.ru/cgi-bin/koha/opac-detail.pl?biblionumber=81317

MARC

LEADER 00000nam0a2200000 4500
001 81317
005 20231031095120.0
010 |b 1000 экз.  |a 570382138X  |b (в пер.) 
021 |a RU  |b 04-61286  |9 04-3014 
035 |a (RuTPU)RU\TPU\book\87417 
090 |a 81317 
100 |a 20050920d2004 m y0rusy5002 ca 
101 0 |a rus 
102 |a RU 
105 |a a j 011zy 
200 1 |a Теплообменные аппараты и системы охлаждения газотурбинных и комбинированных установок  |e учебник для вузов  |f [В. Л. Иванов, А. И. Леонтьев, Э. А. Манушин, М. И. Осипов]  |g под ред. А. И. Леонтьева 
205 |a 2-е изд., стер. 
210 |a Москва  |c Изд-во МГТУ  |d 2004 
215 |a 591 с.  |c ил.  |d 25 см. 
300 |a Авт. указаны на обороте тит. л. 
300 |a Посвящ. столетию со дня рождения В. В. Уварова - основателя каф. газовых турбин МГТУ им. Н. Э. Баумана и 50-летию со дня основания каф. 
320 |a Список литературы: с. 576-577. 
320 |a Предм. указ.: с. 578-581. 
330 |a Изложены основы расчета и проектирования теплообменных аппаратов и систем охлаждения газовых турбин как элементов газотурбинного комплекса, все агрегаты которого влияют друг на друга, и их параметры взаимосвязаны. Содержание учебника соответствует курсу лекций, читаемому авторами в МГТУ им. Н. Э. Баумана. Для студентов высших учебных заведений энергомашиностроительных специальностей. Может быть полезен аспирантам, инженерам и научным работникам. 
610 1 |a газовые турбины 
610 1 |a газотурбинные установки 
610 1 |a теплопередача 
610 1 |a теплообменные аппараты 
610 1 |a гидравлическое сопротивление 
610 1 |a теплогидравлический расчет 
610 1 |a проектирование 
610 1 |a системы охлаждения 
610 1 |a параметры 
610 1 |a учебники 
675 |a 621.438-7(075.8)  |v 3  |z rus 
675 |a 621.438.016(075.8)  |v 3  |z rus 
701 1 |a Иванов  |b В. Л.  |g Вадим Леонидович  |4 070 
701 1 |a Леонтьев  |b А. И.  |g Александр Иванович  |4 070 
701 1 |a Манушин  |b Э. А.  |g Эдуард Анатольевич  |4 070 
701 1 |a Осипов  |b М. И.  |g Михаил Иванович  |4 070 
702 1 |a Леонтьев  |b А. И.  |g Александр Иванович  |4 340 
801 0 |a RU  |b RKP  |c 20041109  |g PSBO 
801 1 |a RU  |b 63413507  |c 20050920  |g PSBO 
801 2 |a RU  |b 63413507  |c 20140520  |g PSBO 
900 |a Газотурбинные установки нефтегазопроводов 
900 |a Энергетические машины и теплообменные аппараты 
900 |a Энергетические машины и установки 
942 |c BK 
952 |a 552700  |b 100000